Chronological and background charts of the New Testament / (Record no. 8195)

MARC details
000 -LEADER
fixed length control field 00880pam a2200253 a 4500
001 - CONTROL NUMBER
control field 426072
003 - CONTROL NUMBER IDENTIFIER
control field GBCCL
005 - DATE AND TIME OF LATEST TRANSACTION
control field 20241126110645.0
008 - FIXED-LENGTH DATA ELEMENTS--GENERAL INFORMATION
fixed length control field 810824s1981 miu b 000 0 eng
010 ## -
-- 81013088
020 ## - INTERNATIONAL STANDARD BOOK NUMBER
International Standard Book Number 0310416418
040 ## - CATALOGING SOURCE
Original cataloging agency DLC
Transcribing agency DLC
Modifying agency DLC
050 00 -
-- BS2310
-- .H68
082 00 - DEWEY DECIMAL CLASSIFICATION NUMBER
Classification number 225.0202
Edition information 19
Item number HOU
100 1# - MAIN ENTRY--PERSONAL NAME
Personal name House, H. Wayne.
9 (RLIN) 8795
245 10 - TITLE STATEMENT
Title Chronological and background charts of the New Testament /
Statement of responsibility, etc. H. Wayne House ; with a foreword by Harold W. Hoehner.
260 ## - PUBLICATION, DISTRIBUTION, ETC.
Place of publication, distribution, etc. Grand Rapids, Mich. :
Name of publisher, distributor, etc. Zondervan,
Date of publication, distribution, etc. c1981.
300 ## - PHYSICAL DESCRIPTION
Extent 156 p. ;
Dimensions 28 cm.
504 ## - BIBLIOGRAPHY, ETC. NOTE
Bibliography, etc. note Bibliography: p. 148-156.
630 00 - SUBJECT ADDED ENTRY--UNIFORM TITLE
Uniform title Bible.
Name of part/section of a work New Testament
General subdivision Handbooks, manuals, etc.
9 (RLIN) 14266
856 42 - ELECTRONIC LOCATION AND ACCESS
Materials specified Publisher description
Uniform Resource Identifier <a href="http://www.loc.gov/catdir/enhancements/fy0633/81013088-d.html">http://www.loc.gov/catdir/enhancements/fy0633/81013088-d.html</a>
906 ## - LOCAL DATA ELEMENT F, LDF (RLIN)
a 7
b cbc
c orignew
d 1
e ocip
f 19
g y-gencatlg
942 ## - ADDED ENTRY ELEMENTS (KOHA)
Source of classification or shelving scheme Dewey Decimal Classification
Koha item type Books
Koha issues (borrowed), all copies 4
Holdings
Withdrawn status Lost status Source of classification or shelving scheme Damaged status Not for loan Home library Current Library Shelving location Date acquired Total checkouts Full call number Barcode Date last seen Date last checked out Copy number Price effective from Koha item type
    Dewey Decimal Classification     GRACE BIBLE COLLEGE GRACE BIBLE COLLEGE Biblical Studies 2019-07-12 4 225.0202 HOU 004308 2025-05-01 2024-07-16 c.1 2019-07-12 Books
© Grace Bible College Library 2025